000 01060nam a22002297a 4500
005 20220411154507.0
008 220311b ||||| |||| 00| 0 eng d
020 _a9789352601738
040 _cAL
041 _aeng
082 _223
_a543.0858
_bBANF
100 _aColin N Banwell
_923396
245 _aFundamentals of molecular spectroscopy
250 _a4th ed.
260 _aIndia
_bMcGraw Hill Education
_c2020
300 _axii,308p.
_bPB
_c23.9x18cm.
365 _2General
_aVBI-1345
_b₹446.25
_c
_d₹595.00
_e25%
_f21-02-2022
520 _aThis revision of Dr. Banwell's highly popular text retains the features which have made it so attractive to students and lecturers over the years. It remains an elementary and non-mathematical introduction to molecular spectroscopy that emphasizes the overall unity of the subject and offers a pictorial perception rather than a mathematical description of the principles of spectroscopy.
650 _2Spectroscopy
_aAnalytical chemistry
_923397
700 _aMcCash, Elaine M
_923398
942 _2ddc
_cBK
999 _c221828
_d221828